Herramientas de conformar
| Main Author: | |
|---|---|
| Format: | Section = Libro |
| Language: | Undetermined Spanish |
| Published: |
La Habana
Pueblo y Educación
1984
|
| Subjects: |
| LEADER | 00440nam a2200169Ia 4500 | ||
|---|---|---|---|
| 008 | 240829s9999 xx 000 0 und d | ||
| 040 | |a BIBLIOTECA-RUPAP 621.9 M255 | ||
| 041 | |a spa | ||
| 082 | |a 621.9 M255 | ||
| 100 | 1 | |a Mallo Gallardo, Manuel | |
| 245 | 1 | 0 | |a Herramientas de conformar |
| 260 | |a La Habana |b Pueblo y Educación |c 1984 | ||
| 300 | |a 304 p. :il. | ||
| 650 | 7 | |a HERRAMIENTAS. I. Tít. | |
| 942 | |c BK |2 ddc | ||
| 991 | |a TEXTO | ||
| 999 | |c 8254 | ||